[Event "Lvov Ukrainian Chess Warriors"]
[Site "Lvov"]
[Date "2024.03.15"]
[Round "2"]
[White "Kravchuk, Vladyslav"]
[Black "Hrabinska, Myroslava"]
[Result "0-1"]
[WhiteElo "1606"]
[BlackElo "2177"]
[PlyCount "68"]
[EventDate "2024.03.15"]
[EventType "swiss (rapid)"]
[EventRounds "8"]
[EventCountry "UKR"]
[SourceTitle "CB12_2024"]
[SourceDate "2023.10.01"]
[SourceVersion "1"]
[SourceVersionDate "2023.10.01"]
[SourceQuality "1"]

1. c4 e6 2. Nf3 d5 3. g3 Nf6 4. Bg2 c5 5. 0-0 Nc6 6. cxd5 exd5 7. d4 cxd4 8. Nxd4 Bc5 9. Nb3 Be7 10. Nc3 Be6 11. Bf4 0-0 12. Rc1 Rc8 13. Nb5 a6 14. N5d4 Nxd4 15. Nxd4 Qb6 16. Nxe6 fxe6 17. Be5 Rxc1 18. Qxc1 Bc5 19. e3 Ng4 20. Qc3 Nxf2 21. Bd4 Bxd4 22. exd4 Ng4 23. Rxf8+ Kxf8 24. h3 Nf6 25. g4 h6 26. Kh1 Ke7 27. Bf3 Qc6 28. Qb4+ Kf7 29. Qd2 Qc4 30. Kg2 Qxa2 31. Be2 Qb1 32. Qc3 Qe4+ 33. Bf3 Qf4 34. Qc7+ Qxc7 0-1